L'amico ritrovato /

Saved in:
Bibliografiske detaljer
Hovedforfatter: Uhlman, Fred (Author)
Andre forfattere: Koestler, Arthur
Format: Bog
Sprog:italiensk
Udgivet: Milano : CDE, stampa 1988
Tags: Tilføj Tag
Ingen Tags, Vær først til at tagge denne postø!

MARC

LEADER 00000nam a2200000 i 4500
001 IT\ICCU\RAV\0171079
003 ItRI
005 20260115232253.0
008 911219s1988 it |||||| ||||| |||||c
040 |b ita  |c importazione bologna sebina 
041 7 |a ita  |2 ISO-639-2 
100 1 |a Uhlman, Fred  |0 IT\ICCU\CFIV\012232  |4 aut 
240 1 0 |a Reunion  |3 IT\ICCU\CFI\0021576  |9 Uhlman, Fred 
245 1 2 |a L'amico ritrovato /  |c Fred Uhlman ; introduzione di Arthur Koestler. 
260 |a Milano :  |b CDE,  |c stampa 1988 
300 |a 92 p. ;  |c 21 cm 
700 1 |a Koestler, Arthur  |0 IT\ICCU\CFIV\007926 
942 |2 ddc  |c BK  |n 0 
952 |0 0  |1 0  |4 0  |6 DOC_823_914000000000000_UHL  |7 0  |9 23345  |a BO  |b BO  |d 2026-01-15  |i 8804  |l 0  |o DOC 823.914 UHL  |p BO8804  |r 2026-01-15 23:22:54  |w 2026-01-15  |x [Sebina 5] [1 v.]  |y BK  |z 1 v. 
999 |c 19900  |d 19900